书目信息 |
| 题名: |
微机集成电路参数及应用大全:微处理器、接口与外设电路
|
|
| 作者: | 庄跃辉 编 | |
| 分册: | ||
| 出版信息: | 北京 人民邮电出版社 1996.05 |
|
| 页数: | 593页 | |
| 开本: | 16开 | |
| 丛书名: | ||
| 单 册: | ||
| 中图分类: | TP361.11 | |
| 科图分类: | ||
| 主题词: | 微型计算机 | |
| 电子资源: | ||
| ISBN: | 7-115-05891-1 | |
| 000 | 00658nam0 2200193 45 | |
| 001 | 0004171687 | |
| 005 | 20000417160403.1 | |
| 010 | @a7-115-05891-1@d49.00元 | |
| 100 | @a20000417d1996 km y0chiy0120 ea | |
| 101 | @achi | |
| 105 | @a z 000yy | |
| 200 | 1 | @a微机集成电路参数及应用大全:微处理器、接口与外设电路@AWei Ji Ji Cheng Dian Lu Can Shu Ji Ying Yong Da Quan:Wei Chu Li Qi、Jie Kou Yu Wai She Dian Lu@f庄跃辉等编@FZhuang Yue Hui Deng Bian |
| 210 | @a北京@c人民邮电出版社@d1996.05 | |
| 215 | @a593页@d16开 | |
| 606 | 0 | @a微型计算机 |
| 690 | @aTP361.11@v3 | |
| 701 | @a庄跃辉@4编 | |
| 801 | @aCN@bPftUser@c20000417 | |
| 905 | @f1@b53004@dTP361.11@eZH335 | |
| 微机集成电路参数及应用大全:微处理器、接口与外设电路/庄跃辉等编.-北京:人民邮电出版社,1996.05 |
| 593页;16开 |
| ISBN 7-115-05891-1:49.00元 |
| ● |
| 相关链接 |
|
|
|
正题名:微机集成电路参数及应用大全:微处理器、接
索取号:TP361.11/ZH335
 
预约/预借
| 序号 | 登录号 | 条形码 | 馆藏地/架位号 | 状态 | 备注 |
| 1 | 53004 | 200530041 | 自科库301/301自科库 57排1列1层/ [索取号:TP361.11/ZH335] | 在馆 |